The Trick - AJR - Lyric Quiz - Statistics

General Stats
  • This quiz has been taken 30 times
  • The average score is 183 of 235
Answer Stats
Lyrics % Correct
I
100%
A
90%
Not
90%
The
90%
Trick
90%
And
85%
Be
85%
Can
85%
Do
85%
Just
85%
My
85%
Of
85%
That
85%
To
85%
We
85%
You
85%
Dance
80%
Dog
80%
Friends
80%
Girl
80%
Got
80%
I'm
80%
Im
80%
In
80%
Know
80%
Public
80%
She's
80%
This
80%
With
80%
All
75%
Anything
75%
Coolest
75%
From
75%
Get
75%
Grade
75%
Guy
75%
Is
75%
Me
75%
Now
75%
On
75%
Out
75%
Pretend
75%
Run
75%
Screwed
75%
Too
75%
Truth
75%
Twenty-eight
75%
Want
75%
Was
75%
We'll
75%
Dad
70%
Eighth
70%
His
70%
If
70%
I'll
70%
I've
70%
Love
70%
Proud
70%
Rockstar
70%
See
70%
Smoked
70%
Use
70%
Van
70%
About
65%
But
65%
Cant
65%
Cause
65%
Danced
65%
Date
65%
Doesn't
65%
Fell
65%
First
65%
France
65%
God
65%
It
65%
Kid
65%
Lie
65%
Oh
65%
Our
65%
Rain
65%
So
65%
Then
65%
Told
65%
True
65%
Went
65%
We're
65%
Its
60%
Meet
60%
Met
60%
Never
60%
You've
60%
Doubting
55%
You're
55%
No matching quizzes found
Score Distribution
Percent of People with Each Score
Percentile by Number Answered
Your Score History
You have not taken this quiz